Riadenie a schopnosť monitorovať informácie

Informácie ako nutný predpoklad pre rozhodovanie manažéra. Pasívne prijímanie informácií. Mediálna výchova na školách - boj proti dezinformáciám v médiách. Najlepším vývozným artiklom sú znalosti a informácie. Bohatstvo národa a kvalita závisí od schopností obyvateľstva.

Enregistré dans:
Détails bibliographiques
Auteur principal: Burák, Emil
Format: Chapitre de livre
Langue:slovaque
Sujets:
Tags: Ajouter un tag
Pas de tags, Soyez le premier à ajouter un tag!

MARC

LEADER 00000naa$a2200000$$$4500
001 0050585
005 20231106072443.8
041 0 |a slo 
044 |a SK 
245 1 0 |a Riadenie a schopnosť monitorovať informácie  |c Emil Burák 
520 |a Informácie ako nutný predpoklad pre rozhodovanie manažéra. Pasívne prijímanie informácií. Mediálna výchova na školách - boj proti dezinformáciám v médiách. Najlepším vývozným artiklom sú znalosti a informácie. Bohatstvo národa a kvalita závisí od schopností obyvateľstva. 
610 2 0 |a manažéri 
610 2 0 |a rozhodovanie manažérske 
610 2 0 |a informácie 
610 2 0 |a vedomosti 
610 2 0 |a výchova 
100 1 |a Burák, Emil